Poesía moderna : Paul Claudel : Odas 2a y 3a /

Zapisane w:
Opis bibliograficzny
1. autor: Claudel, Paul (autor)
Kolejni autorzy: Flores, Miguel Angel (selección y traducción) (selección y traducción)
Format: Książka
Język:hiszpański
Wydane: México : UNAM, Coordinación de Difusión Cultural, 1985, c1985
Seria:(Material de Lectura. Poesía Moderna ; 110)
Hasła przedmiotowe:
Etykiety: Dodaj etykietę
Nie ma etykietki, Dołącz pierwszą etykiete!

MARC

LEADER 00000nam^a2200000^a^4500
001 000194675
005 20250521000000.0
009 20260310102725.517
020 |a 968-837-579-9 
025 |a Donación sin dato, 1 ejemplar 
037 |a Acervo ITESO - Biblioteca 
041 |a ESP 
082 |a 808. 8  |b MAT POE V. 110 
100 |a Claudel, Paul  |e (autor) 
240 1 1 |a [Poesía moderna] 
240 1 1 |a [Cinco grandes odas] 
245 1 0 |a Poesía moderna :  |b Paul Claudel : Odas 2a y 3a /  |c P. Claudel ; selec. y tr. por M.A. Flores. 
264 4 |a México :  |b UNAM, Coordinación de Difusión Cultural,  |c 1985, c1985 
300 |a 45 p. 
336 |a texto  |b txt  |2 rdacontenido 
337 |a sin mediación  |b n  |2 rdamedio 
338 |a volumen  |b nc  |2 rdasoporte 
440 1 |a (Material de Lectura.  |p Poesía Moderna ;  |v 110) 
545 0 |a Paul Claudel (Villeneuve-sur-Fère, 1868 - París, 1955), escritor central en el catolicismo francés del siglo XX y uno de los mayores poetas de su tiempo. Aunque escéptico ante la religión durante su juventud, el autor vivió una crisis espiritual que en 1886 lo llevaría de regreso a ella y que marcaría su obra literaria. Fue en ese mismo año que Claudel conoció Las iluminaciones, de Arthur Rimbaud, cuya lectura le abrió nuevos horizontes para la creación. Es un descubrimiento estético que en diálogo con su conversión, le hace ver la poesía (dramatúrgica y lírica) como espacio para la revelación divina; así y aunque suene paradójico, en su obra convive la modernidad literaria con la ortodoxia religiosa. A partir de 1890 ejerció la diplomacia, como cónsul y embajador en diversos países. Entre sus títulos destacan Cabeza de oro (1891), El cambio (1894), El reposo del séptimo día (1896), Reparto de mediodía (1906), Arte poética (1907), Cinco grandes odas (1909), La anunciación a María (1912), Cantata a tres voces (1913), Poemas de guerra (1922), Hojas de santos (1925), La zapatilla de raso (1929), Rostros radiantes (1945) y los textos autobiográficos Mémoires improvisées (1954) y Journal I y II (1968-1969). 
649 |a XX 
650 |a Poesía Francesa 
650 |a Literatura Francesa -  |y Siglo XX 
700 |a Flores, Miguel Angel  |e (selección y traducción) 
910 |a Fondo General 
920 |a Impresos - Libros 
930 |a Colección General 
940 |a Literatura 
905 |a 101 
901 |a 0500140266  |b IT1  |c LIT  |i D  |u 20250521 
902 |a https://opac.biblio.iteso.mx/vufind/Record/000194675